Indian news media : (Record no. 6659)

MARC details
000 -LEADER
fixed length control field 01582cam a2200289 4500
001 - CONTROL NUMBER
control field 7760
005 - DATE AND TIME OF LATEST TRANSACTION
control field 20181127184314.0
008 - FIXED-LENGTH DATA ELEMENTS--GENERAL INFORMATION
fixed length control field 140903s2015 ii a b 001 0 eng
010 ## - LIBRARY OF CONGRESS CONTROL NUMBER
LC control number 2014035031
020 ## - INTERNATIONAL STANDARD BOOK NUMBER
International Standard Book Number 9789351500506 (cloth : alk. paper)
082 00 - DEWEY DECIMAL CLASSIFICATION NUMBER
Classification number 079.54
Edition number 23
100 1# - MAIN ENTRY--PERSONAL NAME
Personal name Rodrigues, Usha M.
245 10 - TITLE STATEMENT
Title Indian news media :
Remainder of title from observer to participant /
Statement of responsibility, etc. Usha M. Rodrigues, Maya Ranganathan.
264 #1 - PRODUCTION, PUBLICATION, DISTRIBUTION, MANUFACTURE, AND COPYRIGHT NOTICE
Place of production, publication, distribution, manufacture New Delhi ;
-- Thousand Oaks, California :
Name of producer, publisher, distributor, manufacturer SAGE,
Date of production, publication, distribution, manufacture, or copyright notice 2015.
300 ## - PHYSICAL DESCRIPTION
Extent xiv, 240 pages :
Other physical details illustrations ;
Dimensions 23 cm
336 ## - CONTENT TYPE
Content type term text
Source rdacontent
337 ## - MEDIA TYPE
Media type term unmediated
Source rdamedia
338 ## - CARRIER TYPE
Carrier type term volume
Source rdacarrier
504 ## - BIBLIOGRAPHY, ETC. NOTE
Bibliography, etc. note Includes bibliographical references and index.
505 0# - FORMATTED CONTENTS NOTE
Formatted contents note Introduction: Indian news media in a globalised era / Usha M. Rodrigues -- Television politics: evolution of Sun TV in the South / Maya Ranganathan -- Sting journalism: a sign of the times / Maya Ranganathan -- 24-hour news and terror: did media cross the line? / Usha M. Rodrigues -- Paid news: cocktail of media, business and politics / Maya Ranganathan -- Anna's movement: social media sets traditional media's agenda / Usha M. Rodrigues -- The mediated nation in the age of globalisation / Maya Ranganathan -- News media's role in a transitioning society / Usha M. Rodrigues.
650 #0 - SUBJECT ADDED ENTRY--TOPICAL TERM
Topical term or geographic name entry element Journalism
Geographic subdivision India
General subdivision History
Chronological subdivision 20th century.
Topical term or geographic name entry element Journalism
Geographic subdivision India
General subdivision History
Chronological subdivision 21st century.
Topical term or geographic name entry element Mass media
Geographic subdivision India.
Topical term or geographic name entry element Press
Geographic subdivision India
General subdivision History
Chronological subdivision 20th century.
Topical term or geographic name entry element Press
Geographic subdivision India
General subdivision History
Chronological subdivision 21st century.
700 1# - ADDED ENTRY--PERSONAL NAME
Personal name Ranganathan, Maya.
Holdings
Withdrawn status Lost status Source of classification or shelving scheme Damaged status Not for loan Collection code Home library Current library Shelving location Serial Enumeration / chronology Inventory number Total Checkouts Full call number Barcode Date last seen Price effective from Koha item type
    Dewey Decimal Classification     Main TEST RTC Library RTC Library Main opac 10948   079.5 ROD 30011704 27/11/2018 27/11/2018 Main
Royal Thimphu College || All Right Reserved